[Event "Mittelfrank Regionalliga Nord-West 2223"]
[Site "Mittelfranken"]
[Date "2023.02.05"]
[Round "6.8"]
[White "Kunert, Thomas"]
[Black "Heilmann, Karl Ludwig"]
[Result "1/2-1/2"]
[WhiteElo "1691"]
[BlackElo "1715"]
[PlyCount "123"]
[EventDate "2022.10.09"]
[EventType "team-tourn"]
[EventRounds "9"]
[EventCountry "GER"]
[SourceTitle "EXT 2024"]
[Source "ChessBase"]
[SourceDate "2023.10.10"]
[SourceVersion "1"]
[SourceVersionDate "2023.10.10"]
[SourceQuality "1"]
[WhiteTeam "Stetten"]
[BlackTeam "Schweinfurt"]
[WhiteTeamCountry "GER"]
[BlackTeamCountry "GER"]

1. d4 d5 2. c4 c6 3. cxd5 cxd5 4. Nc3 Nc6 5. Bf4 Bf5 6. e3 a6 7. Nf3 Nf6 8. a3 e6 9. Rc1 h6 10. Bd3 Bxd3 11. Qxd3 Bd6 12. Bxd6 Qxd6 13. 0-0 0-0 14. b4 b5 15. Rc2 Rac8 16. Rfc1 Rc7 17. e4 dxe4 18. Nxe4 Nxe4 19. Qxe4 Rfc8 20. Rc5 Nb8 21. Qe5 Rxc5 22. dxc5 Qxe5 23. Nxe5 f6 24. Nf3 Nc6 25. Kf1 Kf7 26. Ke2 e5 27. Rd1 Rd8 28. Rxd8 Nxd8 29. Kd3 Ke6 30. g4 Kd5 31. Nd2 Nc6 32. Ne4 Nd4 33. Nd6 Nf3 34. h3 Ng5 35. h4 Nf3 36. Nf5 e4+ 37. Ke2 Ne5 38. g5 hxg5 39. hxg5 fxg5 40. Nxg7 Nc4 41. Nf5 Nxa3 42. Ne3+ Kc6 43. Nf5 Nc2 44. Ne7+ Kd7 45. Nd5 Kc6 46. Ne7+ Kb7 47. Nd5 a5 48. bxa5 Ka6 49. Kd2 Nd4 50. Ke3 Nb3 51. c6 Nxa5 52. c7 Kb7 53. Kxe4 Nc6 54. Kf5 b4 55. Kxg5 b3 56. f4 Nd4 57. c8Q+ Kxc8 58. Nc3 Kd7 59. Kf6 b2 60. Ke5 Nc6+ 61. Kd5 Ne7+ 62. Kc4 1/2-1/2

[Event "Mittelfranken Landesliga Nord 2122"]
[Site "Mittelfranken"]
[Date "2022.05.29"]
[Round "9.7"]
[White "Stoeckl, Stephan"]
[Black "Heilmann, Karl Ludwig"]
[Result "1-0"]
[WhiteElo "1928"]
[BlackElo "1742"]
[PlyCount "41"]
[EventDate "2021.10.24"]
[EventType "team-tourn"]
[EventRounds "9"]
[EventCountry "GER"]
[SourceTitle "EXT 2024"]
[Source "ChessBase"]
[SourceDate "2023.10.10"]
[SourceVersion "1"]
[SourceVersionDate "2023.10.10"]
[SourceQuality "1"]
[WhiteTeam "Schwandorf"]
[BlackTeam "Schweinfurt"]
[WhiteTeamCountry "GER"]
[BlackTeamCountry "GER"]

1. Nf3 Nf6 2. c4 c6 3. g3 d5 4. Bg2 dxc4 5. 0-0 e6 6. Na3 Bxa3 7. bxa3 0-0 8. Bb2 Nbd7 9. Qc2 b5 10. Nd4 Bb7 11. Nxb5 cxb5 12. Bxb7 Rb8 13. Bg2 Qe7 14. a4 bxa4 15. Bd4 Nb6 16. Rab1 Nfd5 17. e4 Nb4 18. Qc3 Rfd8 19. Bxg7 Rd3 20. Bf6 Qc5 21. Qxb4 1-0

[Event "DSOL 04 Liga Gr-C 1st"]
[Site "Playchess.com INT"]
[Date "2020.08.03"]
[Round "7.3"]
[White "Heilmann, Karl Ludwig"]
[Black "Huck, Robert"]
[Result "1-0"]
[WhiteElo "1717"]
[BlackElo "1771"]
[PlyCount "29"]
[EventDate "2020.06.22"]
[EventType "team-tourn (rapid)"]
[EventCountry "GER"]
[SourceTitle "EXT 2021"]
[Source "ChessBase"]
[SourceDate "2020.10.23"]
[SourceVersion "1"]
[SourceVersionDate "2020.10.23"]
[SourceQuality "1"]
[WhiteTeam "Gerolzhofen"]
[BlackTeam "Alzenau Koenigsspringer"]
[WhiteTeamCountry "GER"]
[BlackTeamCountry "GER"]

1. e4 e5 2. f4 Bc5 3. Nf3 d6 4. Bc4 Nc6 5. Nc3 Bg4 6. h3 Bxf3 7. Qxf3 Nd4 8. Qd3 Qh4+ 9. g3 Qh5 10. Na4 Nf3+ 11. Kf1 Nd4 12. c3 Qd1+ 13. Kg2 Qxa4 14. cxd4 Bxd4 15. Bb5+ 1-0

[Event "Forchheim op-B 13th"]
[Site "Forchheim"]
[Date "2014.10.05"]
[Round "5"]
[White "Pikal, Alexander"]
[Black "Heilmann, Karl Ludwig"]
[Result "1-0"]
[WhiteElo "1924"]
[BlackElo "1640"]
[PlyCount "71"]
[EventDate "2014.10.03"]
[EventType "swiss"]
[EventRounds "5"]
[EventCountry "GER"]
[SourceTitle "EXT 2019"]
[Source "ChessBase"]
[SourceDate "2018.10.10"]
[SourceVersion "1"]
[SourceVersionDate "2018.10.10"]
[SourceQuality "1"]

1. f4 d5 2. Nf3 c5 3. e3 Nc6 4. Bb5 Bd7 5. b3 a6 6. Bxc6 Bxc6 7. Bb2 e6 8. 0-0 Nf6 9. Ne5 Qc7 10. d3 Be7 11. a4 0-0 12. a5 Nd7 13. Nxd7 Bxd7 14. Nd2 f5 15. Be5 Bd6 16. Nf3 Be8 17. Qd2 Bh5 18. Bxd6 Qxd6 19. Ne5 Rad8 20. d4 Rf6 21. Rab1 Be8 22. Rfd1 Bb5 23. dxc5 Qxc5 24. c4 Bc6 25. b4 Qe7 26. b5 axb5 27. cxb5 Bd7 28. Rdc1 Rff8 29. Rc7 Qd6 30. Rxb7 Bc8 31. Rb6 Qc7 32. Rc1 Qa7 33. Nc6 Qc7 34. Nxd8 Qxd8 35. Rb8 Qd7 36. Qc3 1-0

[Event "Forchheim op-B 13th"]
[Site "Forchheim"]
[Date "2014.10.04"]
[Round "3"]
[White "Weidenhoefer, Robert"]
[Black "Heilmann, Karl Ludwig"]
[Result "0-1"]
[WhiteElo "1771"]
[BlackElo "1640"]
[PlyCount "97"]
[EventDate "2014.10.03"]
[EventType "swiss"]
[EventRounds "5"]
[EventCountry "GER"]
[SourceTitle "EXT 2019"]
[Source "ChessBase"]
[SourceDate "2018.10.10"]
[SourceVersion "1"]
[SourceVersionDate "2018.10.10"]
[SourceQuality "1"]

1. b3 Nf6 2. Bb2 c5 3. g3 Nc6 4. Bg2 d5 5. Nf3 e6 6. 0-0 Bd6 7. d3 0-0 8. Nbd2 e5 9. c4 d4 10. Ng5 Be7 11. Nge4 Nxe4 12. Nxe4 f5 13. Nd2 Be6 14. Ba3 Qd7 15. f4 Rac8 16. fxe5 Nxe5 17. Nf3 Ng4 18. Bc1 h6 19. h3 Nf6 20. Ne5 Qc7 21. Ng6 Rf7 22. Nf4 Bd7 23. Qe1 Bd6 24. Kh2 Kh7 25. Nd5 Nxd5 26. Bxd5 Rf6 27. Bf4 Bxf4 28. Rxf4 Re8 29. Rf2 Re3 30. Rf3 f4 31. Rxe3 fxe3 32. Bf3 Bc6 33. Qh1 Bxf3 34. exf3 Qc6 35. f4 Qxh1+ 36. Kxh1 g5 37. Rf1 gxf4 38. gxf4 Kg7 39. Kg2 Kg6 40. Kf3 Kf5 41. Re1 Rg6 42. Rf1 h5 43. Re1 h4 44. Rh1 Rg3+ 45. Ke2 Rg2+ 46. Kf1 Rxa2 47. Rg1 Ra1+ 48. Kg2 Rxg1+ 49. Kxg1 0-1

[Event "Unterfranken-ch HA 63th"]
[Site "Schweinfurt"]
[Date "2012.04.13"]
[Round "8"]
[White "Graunke, Frank Rouven"]
[Black "Heilmann, Karl Ludwig"]
[Result "0-1"]
[WhiteElo "1432"]
[BlackElo "1548"]
[PlyCount "52"]
[EventDate "2012.04.09"]
[EventType "swiss"]
[EventRounds "9"]
[EventCountry "GER"]
[SourceTitle "EXT 2015"]
[Source "ChessBase"]
[SourceDate "2014.11.20"]
[SourceVersion "1"]
[SourceVersionDate "2014.11.20"]
[SourceQuality "1"]

1. e4 c5 2. Nc3 Nc6 3. g3 g6 4. Bg2 Bg7 5. Nge2 d6 6. 0-0 e6 7. d3 Nge7 8. f4 0-0 9. Be3 Nd4 10. Qd2 Rb8 11. g4 f5 12. g5 b5 13. Ng3 Bb7 14. h4 b4 15. Nd1 Nb5 16. h5 a5 17. c3 bxc3 18. Nxc3 Nxc3 19. bxc3 fxe4 20. hxg6 hxg6 21. Bxe4 Bxe4 22. Nxe4 Nd5 23. Rab1 Rxb1 24. Rxb1 Qc7 25. c4 Nxe3 26. Qxe3 Bd4 0-1

[Event "Unterfranken-ch HA 63th"]
[Site "Schweinfurt"]
[Date "2012.04.11"]
[Round "5"]
[White "Mueller, Gerhard3333"]
[Black "Heilmann, Karl Ludwig"]
[Result "1/2-1/2"]
[WhiteElo "1715"]
[BlackElo "1548"]
[PlyCount "86"]
[EventDate "2012.04.09"]
[EventType "swiss"]
[EventRounds "9"]
[EventCountry "GER"]
[SourceTitle "EXT 2015"]
[Source "ChessBase"]
[SourceDate "2014.11.20"]
[SourceVersion "1"]
[SourceVersionDate "2014.11.20"]
[SourceQuality "1"]

1. e4 c5 2. Nf3 d6 3. d3 Nc6 4. Nc3 g6 5. Ne2 Bg7 6. c3 Nf6 7. Ng3 0-0 8. h3 b6 9. Be3 Bb7 10. Qd2 Re8 11. h4 Ng4 12. h5 Nxe3 13. Qxe3 Ne5 14. Nh4 d5 15. hxg6 hxg6 16. d4 cxd4 17. cxd4 Ng4 18. Qf4 Nh6 19. e5 e6 20. Bd3 g5 21. Qf3 gxh4 22. Nh5 Qg5 23. Nxg7 Kxg7 24. Rh3 Rec8 25. Qf6+ Qxf6 26. exf6+ Kxf6 27. Rxh4 Rh8 28. Ke2 a5 29. Rah1 Kg7 30. g4 f5 31. gxf5 Nxf5 32. Rg1+ Kf6 33. Rhg4 Bc8 34. a4 Ra7 35. Rg6+ Ke7 36. Bxf5 Kd6 37. Bd3 Rf8 38. Rg8 Raf7 39. Rxf8 Rxf8 40. Rg7 Bd7 41. b3 Rb8 42. Bb5 Bxb5+ 43. axb5 Re8 1/2-1/2

[Event "Unterfranken-ch HA 62th"]
[Site "Gerolzhofen"]
[Date "2011.04.29"]
[Round "8"]
[White "Heilmann, Karl Ludwig"]
[Black "Ullrich, Robert"]
[Result "0-1"]
[WhiteElo "1415"]
[BlackElo "1534"]
[PlyCount "34"]
[EventDate "2011.04.25"]
[EventType "swiss"]
[EventRounds "9"]
[EventCountry "GER"]
[SourceTitle "EXT 2015"]
[Source "ChessBase"]
[SourceDate "2014.11.20"]
[SourceVersion "1"]
[SourceVersionDate "2014.11.20"]
[SourceQuality "1"]

1. e4 e5 2. Nf3 d6 3. d4 exd4 4. Nxd4 Nf6 5. Nc3 Be7 6. Bd3 0-0 7. 0-0 Bd7 8. Nf5 Bxf5 9. exf5 Nc6 10. Ne4 Ne5 11. Nxf6+ Bxf6 12. Be2 Qd7 13. f4 Nc6 14. c3 Qxf5 15. Rf3 g6 16. Bd3 Qg4 17. f5 Ne5 0-1

[Event "Unterfranken-ch HA 62th"]
[Site "Gerolzhofen"]
[Date "2011.04.28"]
[Round "5"]
[White "Helm, Timo"]
[Black "Heilmann, Karl Ludwig"]
[Result "0-1"]
[WhiteElo "1549"]
[BlackElo "1415"]
[PlyCount "70"]
[EventDate "2011.04.25"]
[EventType "swiss"]
[EventRounds "9"]
[EventCountry "GER"]
[SourceTitle "EXT 2015"]
[Source "ChessBase"]
[SourceDate "2014.11.20"]
[SourceVersion "1"]
[SourceVersionDate "2014.11.20"]
[SourceQuality "1"]

1. e4 c6 2. d4 d5 3. Nc3 dxe4 4. Nxe4 Bf5 5. Ng3 Bg6 6. Nf3 Nd7 7. Nh4 e6 8. Nxg6 hxg6 9. Bc4 Ngf6 10. c3 Qc7 11. Qc2 Bd6 12. Bg5 Bxg3 13. fxg3 Rxh2 14. Bf4 Rxh1+ 15. Kd2 Qxf4+ 16. gxf4 Rxa1 17. Qb3 0-0-0 18. Qa3 Kb8 19. Qb4 Nb6 20. Bd3 Nfd5 21. Qa3 Nxf4 22. Qe7 Rd7 23. Qf8+ Kc7 24. Qxg7 Nxd3 25. Kxd3 Rxa2 26. Qe5+ Kd8 27. Qh8+ Ke7 28. Qh4+ f6 29. Qh7+ Kd6 30. Qxg6 Nd5 31. Qg3+ e5 32. dxe5+ fxe5 33. Ke4 Ra4+ 34. Kd3 Nf4+ 35. Kc2 Re4 0-1